Szczegóły MARC21

"Cyganeria" J. Pucciniego /

003 -Nazwa inst., której nr kontr. jest w polu 001 [,]
    • @
    • Nazwa instytucji, której n kontrolny jest w polu 001
    • NUKAT
005 -DATA I CZAS OSTATNIEJ MODYFIKACJI [,]
    • @
    • pole kontrolne
    • 20250315022935.0
040 -Instytucja sporządzająca opis [ , ]
    • a
    • Instytucja, która sporządziła opis (NP)
    • WA U/74AN
    • c
    • Instytucja, która sporządziła rekord (NP)
    • WA U/AN
    • d
    • Instytucja, która zmodyfikowała rekord (P)
    • WA U/AGO
    • d
    • Instytucja, która zmodyfikowała rekord (P)
    • WA U/74ANs
    • d
    • Instytucja, która zmodyfikowała rekord (P)
    • WA U/74AN
    • d
    • Instytucja, która zmodyfikowała rekord (P)
    • WA U/74AN
942 -Rodzaj dokumentu [ , ]
    • c
    • Rodzaj dokumentu
    • Książka
100 -Hasło główne - nazwa osobowa [1, ]
    • a
    • Nazwa osobowa (NP)
    • Prószyński, Stanisław
    • d
    • Daty biograficzne (NP)
    • (1926-1997).
    • 9
    • KHW
    • 19088
245 -Strefa tytułu i oznaczenia odpowiedzialności [1,0]
    • a
    • Tytuł
    • "Cyganeria" J. Pucciniego / Find
    • c
    • Pozostałe elementy strefy tytułu i oznaczenia odpowiedzialności (NP)
    • Stanisław Prószyński.
246 -Wariant tytułu [3,8]
    • a
    • Tytuł (NP)
    • Cyganeria
260 -Strefa adresu wydawniczego [ , ]
    • a
    • Miejsce wydania (P)
    • Kraków :
    • b
    • Nazwa wydawcy (P)
    • Polskie Wydawnictwo Muzyczne,
    • c
    • Data wydania (P)
    • 1961.
300 -Strefa opisu fizycznego [ , ]
    • a
    • Określenie formy książki i/lub objętość (NP)
    • 128, [6] s., [4] s. tabl., [1] k. tabl. :
    • b
    • Oznaczenie ilustracji (NP)
    • il. ;
    • c
    • Format (NP)
    • 18 cm.
336 -Typ zawartości [ , ]
    • a
    • Termin opisujący typ zawartości
    • Tekst
    • b
    • Kod określający zawartość
    • txt
    • 2
    • Źródło (terminu i kodu)
    • rdacontent
337 -Typ mediów [ , ]
    • a
    • Tryb odtwarzania
    • Bez urządzenia pośredniczącego
    • b
    • Kod typu mediów
    • n
    • 2
    • Źródło (terminu i kodu)
    • rdamedia
338 -Typ/rodzaj nośnika [ , ]
    • a
    • Hasło opisujące typ nośnika
    • Wolumin
    • b
    • Kod typu nośnika
    • nc
    • 2
    • Źródło (terminu i kodu)
    • rdacarrier
490 -Strefa serii i książki wielotomowej - forma nie do wyszukiwania [1, ]
    • a
    • Tytuł (P)
    • Mała Biblioteka Operowa ; Find
    • v
    • Numeracja (P)
    • t. 16
830 -Hasło dodatkowe serii i opisu książki wielotomowej - tytuł ujednolicony/tytuł [ ,0]
    • a
    • Tytuł ujednolicony/tytuł (NP)
    • Mała Biblioteka Operowa
    • v
    • Oznaczenie tomu (NP)
    • t. 16
    • 9
    • KHW
    • 19089
500 -Uwaga ogólna [ , ]
    • a
    • Uwaga ogólna (NP)
    • Zawiera małą kronikę życia i twórczości oraz wykaz ważniejszych kompozycji Pucciniego.
504 -Uwaga dot. bibliogr. załącznikowej [ , ]
    • a
    • Uwaga dot. bibliografii załącznikowej
    • Bibliogr. s. 128-129.
080 -Uniwersalna Klasyfikacja Dziesiętna [ , ]
    • 2
    • Identyfikator wydania tablic
    • UDC-P058
    • 9
    • UKD
    • 6257
    • a
    • Symbol klasyfikacji
    • 792.5
    • b
    • Dopowiedzenie
    • Przedstawienia muzyczne. Opera. Operetka. Musical.
    • 4
    • UKD2
    • 8466
    • x
    • Poddział wspólny
    • (450)
    • c
    • Dopowiedzenie poddz. wspólnego
    • (Włochy).
080 -Uniwersalna Klasyfikacja Dziesiętna [ , ]
    • 2
    • Identyfikator wydania tablic
    • UDC-P058
    • 9
    • UKD
    • 6156
    • a
    • Symbol klasyfikacji
    • 78.071.1
    • b
    • Dopowiedzenie
    • Kompozytorzy.
    • 4
    • UKD2
    • 8466
    • x
    • Poddział wspólny
    • (450)
    • c
    • Dopowiedzenie poddz. wspólnego
    • (Włochy).
600 -Hasło przedmiotowe w formie nazwy osobowej [1,7]
    • a
    • Nazwa osobowa
    • Puccini, Giacomo
    • d
    • Daty związane z nazwą
    • (1858-1924)
    • x
    • Określnik rzeczowy
    • krytyka i interpretacja.
    • 2
    • Źródło terminu
    • kaba
    • 9
    • KHW
    • 572344
600 -Hasło przedmiotowe w formie nazwy osobowej [1,7]
    • a
    • Nazwa osobowa
    • Puccini, Giacomo
    • d
    • Daty związane z nazwą
    • (1858-1924).
    • t
    • Tytuł
    • Bohème
    • 2
    • Źródło terminu
    • kaba
    • 9
    • KHW
    • 294858
980 -Symbol UKD [ , ]
    • a
    • UKD
    • 792.5:78.071.1](450)Puccini J.
710 -Hasło dodatkowe - nazwa ciała zbiorowego [2, ]
    • a
    • Nazwa ciała zbiorowego lub nazwa geograficzna jako pierwszy element (NP)
    • Polskie Wydawnictwo Muzyczne.
    • 4
    • Kod relacji
    • pbl
    • 9
    • KHW
    • 56938
Data inwentaryzacji Lokalizacja Status udost. Numer inwentarzowy
2008-04-25BG1Pd.19358